[Event "Meesterklasse 2014-2015"]
[Site "?"]
[Date "2014.09.27"]
[Round "1.4"]
[White "Tikranian, Alik"]
[Black "Okkes, Menno"]
[Result "0-1"]
[WhiteElo "2085"]
[BlackElo "2318"]
[PlyCount "122"]
[EventDate "2014.??.??"]
[EventCountry "NED"]
[WhiteTeam "Pathena Rotterdam VIII"]
[BlackTeam "Utrecht IV"]
[WhiteTeamCountry "NED"]
[BlackTeamCountry "NED"]
[WhiteClock "0:04:26"]
[BlackClock "0:12:11"]

1. Nf3 Nf6 2. c4 c5 3. Nc3 e6 4. g3 b6 5. Bg2 Bb7 6. b3 Be7 7. O-O O-O 8. Bb2
d6 9. Qc2 Nbd7 10. Rad1 a6 11. Rfe1 Qc7 12. e4 Rac8 13. d3 Rfe8 14. h3 Bf8 15.
g4 Ne5 16. Ne2 Nfd7 17. Ng3 Ng6 18. Qd2 d5 19. h4 d4 20. Bc1 Bd6 21. h5 Bf4 22.
Qe2 Bxc1 23. hxg6 Bf4 24. gxh7+ Kxh7 25. Nh5 g6 26. Nxf4 Qxf4 27. Nh2 Ne5 28.
Qd2 g5 29. Qxf4 gxf4 30. Kf1 Rg8 31. Ke2 Kg7 32. Rg1 Kf6 33. Bf3 Rg7 34. g5+
Rxg5 35. Rxg5 Kxg5 36. Rg1+ Kf6 37. Ng4+ Nxg4 38. Rxg4 e5 39. Rh4 Rg8 40. Rh6+
Rg6 41. Rh8 Ke7 42. Rb8 Bc6 43. Rxb6 Bxe4 44. Rb8 Bxf3+ 45. Kxf3 f5 46. Rb7+
Kf6 47. Rc7 Kg5 48. Re7 Rh6 49. Rxe5 Rh3+ 50. Kg2 Rxd3 51. Rxc5 Kg4 52. Rd5 f3+
53. Kh2 Rd2 54. Rd7 Rxf2+ 55. Kg1 Rxa2 56. c5 Rc2 57. b4 d3 58. Rxd3 Kg3 59.
Rd1 Rg2+ 60. Kf1 Rh2 61. Kg1 f2+ 0-1

[Event "Meesterklasse 2014-2015"]
[Site "?"]
[Date "2014.09.27"]
[Round "1.5"]
[White "Docx, Stefan"]
[Black "Van der Stricht, Geert"]
[Result "1-0"]
[WhiteElo "2455"]
[BlackElo "2379"]
[PlyCount "129"]
[EventDate "2014.??.??"]
[EventCountry "NED"]
[WhiteTeam "Charlois Europoort V"]
[BlackTeam "HMC Calder VII"]
[WhiteTeamCountry "NED"]
[BlackTeamCountry "NED"]

1. d4 Nf6 2. Nf3 d5 3. c4 c6 4. cxd5 cxd5 5. Nc3 Nc6 6. Bf4 a6 7. Rc1 Bf5 8. e3
e6 9. Qb3 Bb4 10. Be2 O-O 11. O-O Qa5 12. a3 Bxc3 13. Rxc3 Ne4 14. Rcc1 Ra7 15.
Rfd1 h6 16. h3 Bg6 17. Ne1 Qd8 18. Nd3 Na5 19. Qb4 Nc4 20. b3 a5 21. Qa4 Nb6
22. Qb5 Nd6 23. Qc5 Ne4 24. Qc7 Qxc7 25. Bxc7 Na8 26. Ne5 Rc8 27. Nxg6 Rxc7 28.
Rxc7 Nxc7 29. Rc1 b6 30. Ne7+ Kf8 31. Nc8 Rb7 32. Bd3 Nf6 33. Nd6 Ra7 34. Rc6
Nd7 35. a4 g6 36. f4 h5 37. Kf2 Kg8 38. g4 hxg4 39. hxg4 Kf8 40. Kg3 Kg8 41.
Kh4 Kf8 42. Kg5 Kg8 43. Be2 Kf8 44. Kh6 Kg8 45. g5 Kf8 46. Kh7 Nb8 47. Rxb6 Nd7
48. Rc6 Nb8 49. Rc1 Nd7 50. Rc6 Nb8 51. Rb6 Nd7 52. Rb7 Rxb7 53. Nxb7 e5 54.
fxe5 Ne6 55. Bg4 Ke7 56. Bxe6 Nf8+ 57. Kh6 Nxe6 58. Nxa5 Kf8 59. Nb7 Kg8 60. a5
Nc7 61. Nc5 Ne8 62. e6 Nd6 63. exf7+ Kxf7 64. a6 Nf5+ 65. Kh7 1-0

[Event "Meesterklasse 2014-2015"]
[Site "?"]
[Date "2014.09.27"]
[Round "1.5"]
[White "Erwich, Frank"]
[Black "Paulet, Iozefina"]
[Result "1-0"]
[WhiteElo "2315"]
[BlackElo "2220"]
[PlyCount "39"]
[EventDate "2014.??.??"]
[EventCountry "NED"]
[WhiteTeam "BSG II"]
[BlackTeam "Groninger Combinatie"]
[WhiteTeamCountry "NED"]
[BlackTeamCountry "NED"]

1. e4 c5 2. Nf3 d6 3. Bb5+ Bd7 4. Bxd7+ Qxd7 5. O-O Nf6 6. e5 dxe5 7. Nxe5 Qc7
8. d4 e6 9. Bf4 Bd6 10. Na3 Bxe5 11. dxe5 O-O 12. Nb5 Qb6 13. exf6 Qxb5 14. Bh6
Qxb2 15. Bxg7 Re8 16. Rb1 Qd4 17. Qh5 Nc6 18. Rxb7 Ne5 19. Rb3 Qe4 20. Re3 1-0

[Event "Meesterklasse 2014-2015"]
[Site "?"]
[Date "2014.09.27"]
[Round "1.5"]
[White "Pijpers, Arthur"]
[Black "Sielecki, Christof"]
[Result "0-1"]
[WhiteElo "2371"]
[BlackElo "2420"]
[PlyCount "68"]
[EventDate "2014.??.??"]
[EventCountry "NED"]
[WhiteTeam "LSG VI"]
[BlackTeam "Voerendaal X"]
[WhiteTeamCountry "NED"]
[BlackTeamCountry "NED"]

1. e4 e5 2. Nf3 Nc6 3. Bb5 a6 4. Ba4 Nf6 5. O-O Be7 6. Re1 b5 7. Bb3 d6 8. c3
O-O 9. h3 Na5 10. Bc2 c5 11. d4 Qc7 12. Nbd2 Nc6 13. dxc5 dxc5 14. a4 Be6 15.
Ng5 Bd7 16. Nf1 Rad8 17. Qe2 h6 18. Nf3 c4 19. Nh4 Rfe8 20. Ne3 Nd4 21. cxd4
exd4 22. Nef5 Bxf5 23. Nxf5 d3 24. Qf3 d2 25. Bxd2 Rxd2 26. e5 Nd5 27. Be4 Bc5
28. Qg4 Qxe5 29. Nxh6+ Kf8 30. Nxf7 Qf4 31. Bxd5 Rxe1+ 32. Rxe1 Qxg4 33. hxg4
Bxf2+ 34. Kf1 Bxe1 0-1

[Event "Meesterklasse 2014-2015"]
[Site "?"]
[Date "2014.09.27"]
[Round "1.5"]
[White "Van der Put, Frank"]
[Black "Quist, Johan"]
[Result "1/2-1/2"]
[WhiteElo "2200"]
[BlackElo "2303"]
[PlyCount "32"]
[EventDate "2014.??.??"]
[EventCountry "NED"]
[WhiteTeam "Utrecht IV"]
[BlackTeam "Pathena Rotterdam VIII"]
[WhiteTeamCountry "NED"]
[BlackTeamCountry "NED"]
[WhiteClock "0:23:20"]
[BlackClock "0:31:24"]

1. d4 Nf6 2. c4 g6 3. g3 Bg7 4. Nc3 O-O 5. Bg2 d6 6. Nf3 c5 7. dxc5 dxc5 8.
Qxd8 Rxd8 9. Be3 Na6 10. O-O Be6 11. Ne5 Nd7 12. Bxb7 Nxe5 13. Bxa6 Bxc4 14.
Bxc4 Nxc4 15. Bxc5 Nxb2 16. Rfc1 Rd7 1/2-1/2

[Event "Meesterklasse 2014-2015"]
[Site "?"]
[Date "2014.09.27"]
[Round "1.5"]
[White "Vedder, Henk"]
[Black "Rietman, Frits"]
[Result "1-0"]
[WhiteElo "2383"]
[BlackElo "2244"]
[PlyCount "111"]
[EventDate "2014.??.??"]
[EventCountry "NED"]
[WhiteTeam "En Passant III"]
[BlackTeam "SISSA IX"]
[WhiteTeamCountry "NED"]
[BlackTeamCountry "NED"]

1. e4 d5 2. exd5 Qxd5 3. Nf3 Bg4 4. Be2 Nc6 5. h3 Bxf3 6. Bxf3 Qe5+ 7. Qe2
Qxe2+ 8. Bxe2 Nd4 9. Bd1 e5 10. c3 Ne6 11. O-O Nc5 12. d4 exd4 13. cxd4 Ne6 14.
d5 Nc5 15. Nc3 O-O-O 16. Bc2 a6 17. Be3 Nf6 18. Rfd1 Bd6 19. Rac1 Rhe8 20. Bg5
Ncd7 21. Bf5 Kb8 22. Bxd7 Rxd7 23. Bxf6 gxf6 24. Rd4 Be5 25. Rh4 Bxc3 26. bxc3
Rxd5 27. Rxh7 Re2 28. Rxf7 Rf5 29. Rf1 Rxa2 30. g4 Rf3 31. Kg2 Rxc3 32. Rxf6
Ra4 33. g5 Rh4 34. f3 Rh5 35. Rf5 b5 36. Kg3 Rc4 37. f4 Rc3+ 38. Rf3 Rxf3+ 39.
Kxf3 Rxh3+ 40. Kg4 Rh1 41. g6 b4 42. Rg5 Rh8 43. g7 Rg8 44. f5 b3 45. f6 b2 46.
f7 Rc8 47. f8=Q b1=Q 48. Qxc8+ Kxc8 49. g8=Q+ Kb7 50. Qd5+ Ka7 51. Qd4+ Kb7 52.
Rg8 Qh1 53. Qb4+ Kc6 54. Rg6+ Kd7 55. Rg7+ Kc8 56. Qf8+ 1-0

[Event "Meesterklasse 2014-2015"]
[Site "?"]
[Date "2014.09.27"]
[Round "1.6"]
[White "Brenninkmeijer, Joris"]
[Black "Ootes, Lars"]
[Result "1-0"]
[WhiteElo "2492"]
[BlackElo "2368"]
[PlyCount "111"]
[EventDate "2014.??.??"]
[EventCountry "NED"]
[WhiteTeam "Groninger Combinatie"]
[BlackTeam "BSG II"]
[WhiteTeamCountry "NED"]
[BlackTeamCountry "NED"]

1. d4 d6 2. Nf3 g6 3. c4 Nf6 4. Nc3 Bg7 5. e4 O-O 6. Be2 e5 7. Be3 exd4 8. Nxd4
Re8 9. f3 c6 10. Bf2 d5 11. exd5 cxd5 12. O-O Nc6 13. c5 Nh5 14. Qd2 Be5 15. g3
Ng7 16. Rfd1 Ne6 17. Nxe6 Bxe6 18. f4 Bg7 19. Nb5 Qd7 20. Rac1 Re7 21. Nd6 d4
22. Bf3 Bg4 23. Bxg4 Qxg4 24. Re1 Rd7 25. Qd3 Rad8 26. a3 Ne7 27. Bxd4 Bxd4+
28. Qxd4 Nf5 29. Nxf5 Qxf5 30. Qc3 Rd3 31. Qc2 Rd2 32. Re8+ Rxe8 33. Qxd2 h5
34. b4 Qe4 35. Rf1 Qc4 36. f5 Re2 37. Qd8+ Kh7 38. fxg6+ fxg6 39. Qc7+ Kh6 40.
Qd8 Kh7 41. Qf6 b6 42. c6 a6 43. Qf7+ Qxf7 44. Rxf7+ Kh6 45. Rb7 b5 46. Rb6 Kg5
47. Rxa6 Rc2 48. Rb6 Kg4 49. Rxb5 Rc1+ 50. Kf2 Rc2+ 51. Ke3 Rxc6 52. Rc5 Re6+
53. Kd3 Rd6+ 54. Kc4 Kh3 55. b5 Kxh2 56. Rc6 1-0

[Event "Meesterklasse 2014-2015"]
[Site "?"]
[Date "2014.09.27"]
[Round "1.6"]
[White "Broekmeulen, Jasper"]
[Black "Meng, Roger"]
[Result "1/2-1/2"]
[WhiteElo "2425"]
[BlackElo "2340"]
[PlyCount "85"]
[EventDate "2014.??.??"]
[EventCountry "NED"]
[WhiteTeam "HMC Calder VII"]
[BlackTeam "Charlois Europoort V"]
[WhiteTeamCountry "NED"]
[BlackTeamCountry "NED"]

1. e4 c5 2. Nf3 e6 3. d3 Nc6 4. g3 d5 5. Nbd2 g6 6. Bg2 Bg7 7. O-O Nge7 8. exd5
exd5 9. Nb3 b6 10. d4 c4 11. Nbd2 Bf5 12. c3 O-O 13. Re1 b5 14. a3 a5 15. h3 h6
16. Ne5 Nxe5 17. dxe5 Qb8 18. Nf3 Be4 19. Be3 Qb7 20. Nd4 Bxg2 21. Kxg2 Nc6 22.
f4 b4 23. Qf3 Rfd8 24. Re2 Bf8 25. axb4 axb4 26. Rf1 Bc5 27. f5 $2 (27. Nxc6)
27... Nxe5 28. Qf4 Re8 29. Qxh6 bxc3 30. bxc3 Bf8 31. Qg5 Qe7 32. f6 Qd7 33.
Nf5 Nd3 34. Nh6+ (34. Qh4 gxf5 35. Qg5+ Kh7 36. Qh5+ Kg8 37. Rxf5) 34... Kh7
35. Qh4 g5 36. Qxg5 Rxe3 37. Qg8+ Kxh6 38. Rxe3 d4 39. Qh8+ Kg6 40. Qg8+ Kh6
41. Qh8+ Kg6 42. Qg8+ Kh6 43. Qh8+ 1/2-1/2

[Event "Meesterklasse 2014-2015"]
[Site "?"]
[Date "2014.09.13"]
[Round "1.6"]
[White "Kevlishvili, Robby"]
[Black "Ypma, Peter"]
[Result "1-0"]
[WhiteElo "2266"]
[BlackElo "2202"]
[PlyCount "55"]
[EventDate "2014.??.??"]
[EventCountry "NED"]
[WhiteTeam "Pathena Rotterdam VIII"]
[BlackTeam "Utrecht IV"]
[WhiteTeamCountry "NED"]
[BlackTeamCountry "NED"]

1. e4 e5 2. Nf3 Nc6 3. Bb5 Nd4 4. Nxd4 exd4 5. d3 g6 6. O-O Bg7 7. c3 c6 8. Bc4
Ne7 9. cxd4 d5 10. Bb3 Bxd4 11. Qe2 dxe4 12. dxe4 Be6 13. Rd1 Qb6 14. Bg5 h6
15. Bf4 Rd8 16. Na3 g5 17. Bg3 Bxb3 18. axb3 O-O 19. Nc4 Qb4 20. Rd3 Nc8 21.
Rad1 Bf6 22. Nd6 Ne7 23. Qh5 Bg7 24. h4 g4 25. Qxg4 Ra8 26. Be5 f6 27. Rg3 fxe5
28. Qxg7# 1-0

[Event "Meesterklasse 2014-2015"]
[Site "?"]
[Date "2014.09.27"]
[Round "1.6"]
[White "Maatman, Nick"]
[Black "Bosboom, Manuel"]
[Result "1-0"]
[WhiteElo "2204"]
[BlackElo "2424"]
[PlyCount "85"]
[EventDate "2014.??.??"]
[EventCountry "NED"]
[WhiteTeam "SISSA IX"]
[BlackTeam "En Passant III"]
[WhiteTeamCountry "NED"]
[BlackTeamCountry "NED"]

1. d4 Nf6 2. c4 g6 3. Nc3 Bg7 4. e4 d6 5. Nge2 a6 6. f3 c6 7. Be3 b5 8. c5 Nbd7
9. cxd6 exd6 10. Qd2 h5 11. Rd1 Bb7 12. Nf4 O-O 13. Be2 c5 14. dxc5 dxc5 15. a4
bxa4 16. Nxa4 Bxe4 17. fxe4 Nxe4 18. Qxd7 Qa5+ 19. Bd2 Nxd2 20. Rxd2 Rad8 21.
b4 cxb4 22. Rd5 Rxd7 23. Rxa5 Rc8 24. O-O Rc2 25. Bd3 Ra2 26. Bc4 Bd4+ 27. Kh1
Ra3 28. Rxa6 Kg7 29. Rb1 Be5 30. Nd5 h4 31. Nc5 Rd6 32. Rxd6 Bxd6 33. Nd3 Ra5
34. N3xb4 Kh6 35. Nd3 Kg5 36. Kg1 Ra8 37. h3 Rc8 38. Rc1 Bg3 39. Kf1 Re8 40.
Nc3 Rd8 41. Ne2 Bd6 42. Kf2 Rb8 43. Ra1 1-0

[Event "Meesterklasse 2014-2015"]
[Site "?"]
[Date "2014.09.27"]
[Round "1.6"]
[White "Trella, Thomas"]
[Black "De Jong, Jan Willem"]
[Result "1/2-1/2"]
[WhiteElo "2395"]
[BlackElo "2458"]
[PlyCount "34"]
[EventDate "2014.??.??"]
[EventCountry "NED"]
[WhiteTeam "Voerendaal X"]
[BlackTeam "LSG VI"]
[WhiteTeamCountry "NED"]
[BlackTeamCountry "NED"]

1. Nf3 d5 2. g3 Nf6 3. Bg2 Bf5 4. c4 c6 5. O-O e6 6. d3 h6 7. Qb3 Qb6 8. Qc2
Be7 9. cxd5 exd5 10. Nc3 O-O 11. e4 Bh7 12. Be3 Qa6 13. a3 Nbd7 14. b4 Nb6 15.
Rfe1 dxe4 16. dxe4 Nbd5 17. Bd4 Nxc3 1/2-1/2

[Event "Meesterklasse 2014-2015"]
[Site "?"]
[Date "2014.09.27"]
[Round "1.7"]
[White "Bosman, Michiel"]
[Black "Mundorf, Johannes"]
[Result "1-0"]
[WhiteElo "2347"]
[BlackElo "2234"]
[PlyCount "85"]
[EventDate "2014.??.??"]
[EventCountry "NED"]
[WhiteTeam "LSG VI"]
[BlackTeam "Voerendaal X"]
[WhiteTeamCountry "NED"]
[BlackTeamCountry "NED"]

1. d4 e6 2. c4 Bb4+ 3. Bd2 a5 4. Nc3 Nf6 5. e3 d6 6. Bd3 e5 7. Nge2 O-O 8. a3
Bxc3 9. Bxc3 Qe7 10. Ng3 exd4 11. Bxd4 Nc6 12. O-O Ne5 13. Rc1 Rd8 14. e4 c5
15. Bc3 Nfg4 16. h3 Nxd3 17. Qxd3 Ne5 18. Qe2 Qh4 19. a4 Be6 20. b3 b5 21. Bxe5
dxe5 22. cxb5 Qe7 23. Rc3 Rd4 24. Rfc1 Rad8 25. Kh2 Qf6 26. Qe3 g6 27. R1c2 Kg7
28. Qc1 Rd1 29. Qa3 h5 30. Rf3 Qg5 31. Qxc5 Bg4 32. Nf5+ gxf5 33. Qxe5+ Kg6 34.
exf5+ Kh7 35. Qf4 Qf6 36. hxg4 Qa1 37. Rh3 Rh1+ 38. Kg3 Rd3+ 39. Kh4 Rhxh3+ 40.
gxh3 Qf1 41. Rc7 hxg4 42. Rxf7+ Kg8 43. Ra7 1-0

[Event "Meesterklasse 2014-2015"]
[Site "?"]
[Date "2014.09.27"]
[Round "1.7"]
[White "Van Overdam, Julian"]
[Black "Schoorl, Rob"]
[Result "1-0"]
[WhiteElo "2329"]
[BlackElo "2349"]
[PlyCount "107"]
[EventDate "2014.??.??"]
[EventCountry "NED"]
[WhiteTeam "Charlois Europoort V"]
[BlackTeam "HMC Calder VII"]
[WhiteTeamCountry "NED"]
[BlackTeamCountry "NED"]

1. e4 e5 2. Nf3 Nc6 3. d4 exd4 4. Nxd4 g6 5. Nc3 Bg7 6. Be3 Nf6 7. f3 O-O 8.
Qd2 d5 9. Nxc6 bxc6 10. O-O-O Be6 11. Qf2 Qb8 12. Bd4 dxe4 13. Qh4 Nd5 14. Nxe4
Qb4 15. Bxg7 Kxg7 16. c4 Qe7 17. Ng5 Nf6 18. Nxh7 Rh8 19. Qxf6+ Qxf6 20. Nxf6
Kxf6 21. Kc2 a5 22. Kc3 g5 23. Bd3 Rad8 24. Bc2 Rxd1 25. Bxd1 c5 26. Bc2 Rh4
27. b3 Rh8 28. Kd2 Rh4 29. Ke3 Ke5 30. h3 f5 31. Re1 Rd4 32. Bd3 f4+ 33. Kd2+
Kf6 34. Kc3 Rd8 35. Be4 Rd4 36. Rh1 Bf7 37. h4 Bh5 38. hxg5+ Kxg5 39. Bc2 Rd8
40. Re1 Re8 41. Rg1 Bg6 42. Bxg6 Kxg6 43. g3 Re3+ 44. Kb2 a4 45. gxf4+ Kf6 46.
Rg5 axb3 47. axb3 Re7 48. Rxc5 Rh7 49. Kc3 Ke6 50. f5+ Kd7 51. Rd5+ Ke7 52. Kb4
Rh3 53. f4 Rf3 54. f6+ 1-0

[Event "Meesterklasse 2014-2015"]
[Site "?"]
[Date "2014.09.27"]
[Round "1.7"]
[White "Van der Heijden, Ton"]
[Black "Wempe, Joost"]
[Result "1-0"]
[WhiteElo "2295"]
[BlackElo "2266"]
[PlyCount "67"]
[EventDate "2014.??.??"]
[EventCountry "NED"]
[WhiteTeam "BSG II"]
[BlackTeam "Groninger Combinatie"]
[WhiteTeamCountry "NED"]
[BlackTeamCountry "NED"]

1. d4 e6 2. Nf3 b6 3. g3 Bb7 4. Bg2 f5 5. O-O Nf6 6. c4 Be7 7. d5 exd5 8. Nd4
Nc6 9. Nxf5 dxc4 10. Nxg7+ Kf7 11. Nf5 d5 12. Nc3 Ne5 13. Qd4 Ng6 14. Nxe7 Qxe7
15. Nxd5 Nxd5 16. Bxd5+ Bxd5 17. Qxd5+ Qe6 18. Qf3+ Kg7 19. Qc3+ Kf7 20. b3
Rae8 21. Bb2 Rhg8 22. bxc4 Ne5 23. Rad1 Rg4 24. Qxe5 Qxe5 25. Bxe5 Rxe5 26.
Rd7+ Ke6 27. Rxc7 Rxe2 28. Rxa7 Rxc4 29. Rb1 Rcc2 30. Rxb6+ Kd5 31. Ra5+ Ke4
32. Re6+ Kf3 33. Rf5+ Kg4 34. Rf4+ 1-0

[Event "Meesterklasse 2014-2015"]
[Site "?"]
[Date "2014.09.27"]
[Round "1.7"]
[White "Vedder, Richard"]
[Black "Rietveld, Renze"]
[Result "1-0"]
[WhiteElo "2252"]
[BlackElo "2204"]
[PlyCount "99"]
[EventDate "2014.??.??"]
[EventCountry "NED"]
[WhiteTeam "En Passant III"]
[BlackTeam "SISSA IX"]
[WhiteTeamCountry "NED"]
[BlackTeamCountry "NED"]

1. e4 c5 2. Nf3 d6 3. d4 cxd4 4. Nxd4 Nf6 5. Nc3 a6 6. Be3 e6 7. f3 b5 8. Qd2
Nbd7 9. O-O-O Bb7 10. g4 h6 11. h4 b4 12. Na4 Qa5 13. b3 Nc5 14. a3 Nxa4 15.
axb4 Qc7 16. bxa4 d5 17. e5 Nd7 18. f4 Nb6 19. f5 Nc4 20. Bxc4 Qxc4 21. fxe6
Bxb4 22. exf7+ Kxf7 23. Rdf1+ Kg8 24. Qd3 Qa2 25. Kd1 a5 26. Qb3 Qa1+ 27. Ke2
Ba6+ 28. Nb5 Qxe5 29. Rf5 Qe4 30. Rg1 Kh7 31. Rf4 Qe6 32. Qd3+ Qg6 33. Rf5 Qe6
34. g5 Rhe8 35. Re5+ Qg6 36. Qxg6+ Kxg6 37. gxh6+ Kf6 38. Rxe8 Rxe8 39. hxg7
Kf7 40. Kd1 Bxb5 41. axb5 Bc3 42. g8=Q+ Rxg8 43. Rxg8 Kxg8 44. Bf4 Bd4 45. Bc7
a4 46. Kc1 Bc3 47. b6 Ba5 48. Bd8 Bb4 49. Bc7 Ba5 50. Kb2 1-0

[Event "Meesterklasse 2014-2015"]
[Site "?"]
[Date "2014.09.27"]
[Round "1.7"]
[White "Vereggen, Lars"]
[Black "Taha Yasen, Mohammed"]
[Result "1/2-1/2"]
[WhiteElo "2181"]
[BlackElo "2255"]
[PlyCount "76"]
[EventDate "2014.??.??"]
[EventCountry "NED"]
[WhiteTeam "Utrecht IV"]
[BlackTeam "Pathena Rotterdam VIII"]
[WhiteTeamCountry "NED"]
[BlackTeamCountry "NED"]
[WhiteClock "0:01:10"]
[BlackClock "0:07:50"]

1. d4 d5 2. c4 e6 3. Nf3 Nf6 4. g3 b6 5. Bg2 Bb7 6. cxd5 exd5 7. O-O Bd6 8. Nc3
O-O 9. Ne5 c6 10. e4 Re8 11. Bg5 Be7 12. exd5 Nxd5 13. Bxe7 Nxe7 14. Qb3 Rf8
15. Rad1 Nd7 16. Nc4 Qc7 17. Qa3 Nf6 18. Rfe1 Ned5 19. Nd6 Rad8 20. Nxb7 Qxb7
21. Re5 a5 22. Qb3 b5 23. Nxd5 cxd5 24. h3 h6 25. Qe3 b4 26. Kh2 Rd6 27. Rc1
Rc8 28. Rxc8+ Qxc8 29. Qd3 Qc1 30. Qb5 Re6 31. Qxa5 Qxb2 32. Qa8+ Kh7 33. Rf5
Qxd4 34. Rf4 Qc5 35. Qb7 Re7 36. Qa6 Re6 37. Qb7 Qe7 38. Bxd5 Qc5 1/2-1/2

[Event "Meesterklasse 2014-2015"]
[Site "?"]
[Date "2014.09.27"]
[Round "1.8"]
[White "Balje, Jan"]
[Black "De Groote, Ewoud"]
[Result "0-1"]
[WhiteElo "2210"]
[BlackElo "2330"]
[PlyCount "62"]
[EventDate "2014.??.??"]
[EventCountry "NED"]
[WhiteTeam "Groninger Combinatie"]
[BlackTeam "BSG II"]
[WhiteTeamCountry "NED"]
[BlackTeamCountry "NED"]

1. Nf3 d5 2. d4 Nf6 3. c4 e6 4. g3 a6 5. Bg2 dxc4 6. O-O Nc6 7. e3 Bd7 8. Qe2
b5 9. e4 Be7 10. Rd1 O-O 11. Bf4 Re8 12. Ne5 h6 13. a4 Rb8 14. axb5 axb5 15.
Nc3 Qc8 16. Nxd7 Qxd7 17. d5 exd5 18. Nxd5 Nxd5 19. Rxd5 Qc8 20. Qh5 Nb4 21.
Rxb5 Nd3 22. Bh3 Rxb5 23. Qxb5 Qb8 24. Qxb8 Rxb8 25. Bxc7 Rxb2 26. Bf1 Bc5 27.
Bxd3 cxd3 28. Rd1 Rxf2 29. Kh1 d2 30. Bf4 Bb4 31. Kg1 Re2 0-1

[Event "Meesterklasse 2014-2015"]
[Site "?"]
[Date "2014.09.27"]
[Round "1.8"]
[White "Bosch, Jeroen"]
[Black "Van Overdam, Jan"]
[Result "1-0"]
[WhiteElo "2378"]
[BlackElo "2187"]
[PlyCount "101"]
[EventDate "2014.??.??"]
[EventCountry "NED"]
[WhiteTeam "HMC Calder VII"]
[BlackTeam "Charlois Europoort V"]
[WhiteTeamCountry "NED"]
[BlackTeamCountry "NED"]

1. Nf3 c5 2. c4 Nc6 3. g3 g6 4. Bg2 Bg7 5. Nc3 Nf6 6. d4 cxd4 7. Nxd4 O-O 8.
O-O Nxd4 9. Qxd4 d6 10. Qd3 a6 11. Be3 Bf5 12. Qd2 Qc8 13. Rfc1 Bh3 14. Nd5
Nxd5 15. cxd5 Qd7 16. Bxh3 Qxh3 17. Rc7 Rac8 18. Rac1 Qf5 19. b3 h5 20. Qd3 Qg4
21. Rxe7 Rxc1+ 22. Bxc1 Rc8 23. Bd2 b5 24. Kg2 Bf6 25. h3 Qd4 26. Qxd4 Bxd4 27.
Bf4 Rc5 28. e3 Bc3 29. Rd7 Rxd5 30. Rxd6 Rxd6 31. Bxd6 Kg7 32. Kf3 Kf6 33. e4
Bd4 34. Ke2 Ke6 35. Bf4 f6 36. Be3 Be5 37. f4 Bc7 38. Kf3 f5 39. g4 Bd8 40.
exf5+ gxf5 41. gxh5 Bf6 42. Ke2 Bg7 43. Bf2 Kd5 44. Kd3 Bh6 45. Ke3 Kc5 46. Bh4
Kd5 47. Bg5 Bf8 48. h6 Bc5+ 49. Kd3 Bd4 50. Be7 a5 51. Bf8 1-0

[Event "Meesterklasse 2014-2015"]
[Site "?"]
[Date "2014.09.27"]
[Round "1.8"]
[White "Buckels, Valentin"]
[Black "Wiersma, Eelke"]
[Result "1/2-1/2"]
[WhiteElo "2210"]
[BlackElo "2373"]
[PlyCount "36"]
[EventDate "2014.??.??"]
[EventCountry "NED"]
[WhiteTeam "Voerendaal X"]
[BlackTeam "LSG VI"]
[WhiteTeamCountry "NED"]
[BlackTeamCountry "NED"]

1. d4 Nf6 2. c4 g6 3. Nf3 Bg7 4. g3 O-O 5. Bg2 d6 6. O-O c6 7. Nc3 Nbd7 8. e4
e5 9. d5 cxd5 10. cxd5 Nc5 11. Qc2 Qc7 12. Ne1 Bd7 13. b4 Na4 14. Nxa4 Qxc2 15.
Nxc2 Bxa4 16. Na3 Rfc8 17. Bd2 Rc7 18. Rac1 Rac8 1/2-1/2

[Event "Meesterklasse 2014-2015"]
[Site "?"]
[Date "2014.09.27"]
[Round "1.8"]
[White "Kazarian, Anna Maja"]
[Black "Van der Linde, Meindert"]
[Result "0-1"]
[WhiteElo "2082"]
[BlackElo "2084"]
[PlyCount "98"]
[EventDate "2014.??.??"]
[EventCountry "NED"]
[WhiteTeam "Pathena Rotterdam VIII"]
[BlackTeam "Utrecht IV"]
[WhiteTeamCountry "NED"]
[BlackTeamCountry "NED"]
[WhiteClock "0:09:39"]
[BlackClock "0:13:08"]

1. e4 e6 2. d4 d5 3. exd5 exd5 4. c4 Nf6 5. Nc3 Be7 6. Bd3 dxc4 7. Bxc4 O-O 8.
Nge2 Nbd7 9. O-O Nb6 10. Bb3 Nbd5 11. Re1 c6 12. Nf4 Nxc3 13. bxc3 Qc7 14. Qd3
Bd6 15. g3 Bd7 16. Bd2 c5 17. d5 b5 18. c4 b4 19. a3 a5 20. a4 Rfe8 21. Bc2 g6
22. Qf3 Ng4 23. Ne6 fxe6 24. dxe6 Ne5 25. Rxe5 Bxe5 26. exd7 Bxa1 27. Qd5+ Kh8
28. dxe8=Q+ Rxe8 29. Be3 Qe5 30. Qc6 Bd4 31. Bxd4 cxd4 32. c5 Qe1+ 33. Kg2 Rf8
34. Be4 Qxf2+ 35. Kh3 Qf1+ 36. Bg2 Qf5+ 37. g4 Qd3+ 38. Kh4 Qe3 39. Qd6 Qh6+
40. Kg3 Qe3+ 41. Kh4 Qf4 42. Qd5 Qxh2+ 43. Kg5 Qf4+ 44. Kh4 Qf2+ 45. Kh3 Qe3+
46. Kh4 Qe7+ 47. Kh3 Rd8 48. Qc4 d3 49. c6 Qe3+ 0-1

[Event "Meesterklasse 2014-2015"]
[Site "?"]
[Date "2014.09.27"]
[Round "1.8"]
[White "Van Foreest, Lucas"]
[Black "Van De Griendt, Jan Willem"]
[Result "1/2-1/2"]
[WhiteElo "2170"]
[BlackElo "2352"]
[PlyCount "124"]
[EventDate "2014.??.??"]
[EventCountry "NED"]
[WhiteTeam "SISSA IX"]
[BlackTeam "En Passant III"]
[WhiteTeamCountry "NED"]
[BlackTeamCountry "NED"]

1. e4 e6 2. d3 d5 3. Nd2 c5 4. Ngf3 Nc6 5. g3 g6 6. Bg2 Bg7 7. O-O Nge7 8. c3
O-O 9. Qe2 b6 10. Rd1 Qc7 11. Nf1 Ba6 12. Bf4 e5 13. Bd2 dxe4 14. Qxe4 Rad8 15.
c4 Bb7 16. Qe2 Rfe8 17. Bc3 Nf5 18. Re1 Qc8 19. a3 Qa8 20. N1d2 Ncd4 21. Bxd4
Nxd4 22. Nxd4 Rxd4 23. Bxb7 Qxb7 24. Ne4 Qd7 25. Rad1 Rd8 26. Nc3 a6 27. b4
cxb4 28. axb4 Qd6 29. Ne4 Qxb4 30. Rb1 Qe7 31. Rxb6 Rxd3 32. c5 Qc7 33. Reb1
R3d4 34. c6 a5 35. Nc5 Rb4 36. R1xb4 axb4 37. Qb5 Bf8 38. Rb7 Qd6 39. Qc4 Be7
40. Ne4 Qd1+ 41. Kg2 Rd4 42. Qa2 Rd3 43. Ng5 b3 44. Qa8+ Rd8 45. Rb8 Qd5+ 46.
Nf3 b2 47. c7 Qxa8 48. cxd8=Q+ Bxd8 49. Rxa8 b1=Q 50. Rxd8+ Kg7 51. Nxe5 Qe4+
52. Nf3 g5 53. Rd4 Qc6 54. h4 h6 55. hxg5 hxg5 56. g4 f6 57. Kg3 Kg6 58. Rd2
Qc3 59. Rd6 Kf7 60. Rd2 Kg6 61. Rd6 Qc5 62. Rd2 Qc7+ 1/2-1/2

[Event "Meesterklasse 2014-2015"]
[Site "?"]
[Date "2014.09.27"]
[Round "1.9"]
[White "Beekman, Robert"]
[Black "Besseling, Michiel"]
[Result "0-1"]
[WhiteElo "2165"]
[BlackElo "2170"]
[PlyCount "96"]
[EventDate "2014.??.??"]
[EventCountry "NED"]
[WhiteTeam "Utrecht IV"]
[BlackTeam "Pathena Rotterdam VIII"]
[WhiteTeamCountry "NED"]
[BlackTeamCountry "NED"]
[WhiteClock "0:41:35"]
[BlackClock "0:21:28"]

1. d4 d5 2. c4 c6 3. Nf3 Nf6 4. Nc3 dxc4 5. a4 Bf5 6. Ne5 e6 7. f3 Bb4 8. e4
Bxe4 9. fxe4 Nxe4 10. Bd2 Qxd4 11. Nxe4 Qxe4+ 12. Qe2 Bxd2+ 13. Kxd2 Qd5+ 14.
Kc2 Na6 15. Nxc4 O-O 16. Qe5 f6 17. Qxd5 cxd5 18. Ne3 Rac8+ 19. Kb3 Nc5+ 20.
Kb4 b6 21. a5 Rc7 22. axb6 Rb8 23. Ra5 axb6 24. Ra2 d4 25. Nc4 e5 26. Be2 d3
27. Bg4 g6 28. Rha1 f5 29. Ra8 Rxa8 30. Rxa8+ Kg7 31. Bd1 e4 32. Kc3 b5 33. Ne3
Na4+ 34. Kd4 Rd7+ 35. Ke5 Nxb2 36. Bb3 Nc4+ 37. Kf4 h6 38. Nxc4 bxc4 39. Bxc4
d2 40. Bb3 d1=Q 41. Bxd1 Rxd1 42. Ra7+ Kf6 43. Ra6+ Kf7 44. h4 h5 45. g3 Rd3
46. Ke5 Rxg3 47. Ra7+ Ke8 48. Ke6 Kd8 0-1